[Event "FIDE Online Olympiad"]
[Site "Chess.com"]
[Date "2020.07.31"]
[EventDate "2020.07.31"]
[Round "1"]
[Result "0-1"]
[White "Ansi Amin Al"]
[Black "Ahmad Abdallah Najjar"]
[WhiteElo "1887"]
[BlackElo "2178"]
[PlyCount "50"]

1. e4 c5 2. b3 g6 3. Bb2 Nf6 4. Nc3 Bg7 5. Nd5 O-O 6. Nxf6+
exf6 7. Nf3 d5 8. exd5 Qxd5 9. Be2 Nc6 10. O-O Bf5 11. a3 Rad8
12. Bc4 Qd6 13. d3 a6 14. a4 Rfe8 15. Qd2 Bg4 16. Ne1 Be2
17. g3 Bxf1 18. Kxf1 f5 19. Bxg7 Kxg7 20. Nf3 Nd4 21. Ng5 Rd7
22. c3 Nc6 23. Nh3 Ne5 24. Qe3 Rde7 25. Qf3 Nxf3 0-1

[Event "FIDE Online Olympiad"]
[Site "Chess.com"]
[Date "2020.07.31"]
[EventDate "2020.07.31"]
[Round "1"]
[Result "0-1"]
[White "Robel Brhane Abrha"]
[Black "Denyefa Callistus Eyetonghan"]
[WhiteElo "2006"]
[BlackElo "2034"]
[PlyCount "96"]

1. e4 c6 2. d4 d5 3. e5 c5 4. c3 Nc6 5. Nf3 Bg4 6. Be2 e6
7. O-O Qb6 8. h3 Bxf3 9. Bxf3 cxd4 10. cxd4 Nxd4 11. Nc3 Nxf3+
12. Qxf3 Ne7 13. b3 Ng6 14. Re1 Bb4 15. Bb2 O-O 16. Re2 Rac8
17. Na4 Qa6 18. a3 Be7 19. Nc3 Rfd8 20. Rae1 Nh4 21. Qg4 Nf5
22. b4 Rc4 23. Qf3 Nd4 24. Qd3 Nxe2+ 25. Rxe2 Rdc8 26. Re1
Rxc3 27. Qxc3 Rxc3 28. Bxc3 Qd3 29. Re3 Qd1+ 30. Be1 Bg5
31. Kf1 Bxe3 32. fxe3 Qa1 33. Kf2 Qxa3 34. Kf3 d4 35. Bd2 Qd3
36. Bc1 Qd1+ 37. Ke4 Qxc1 38. exd4 Qc6+ 39. d5 exd5+ 40. Kd4
Qc4+ 41. Ke3 d4+ 42. Kd2 Qc3+ 43. Ke2 Qe3+ 44. Kf1 d3 45. g4
Qf3+ 46. Kg1 d2 47. Kh2 d1=R 48. g5 Rh1# 0-1

[Event "FIDE Online Olympiad"]
[Site "Chess.com"]
[Date "2020.07.31"]
[EventDate "2020.07.31"]
[Round "1"]
[Result "0-1"]
[White "Anne Simwaba"]
[Black "Maboloko Leboela"]
[WhiteElo "1272"]
[BlackElo "1296"]
[PlyCount "70"]

1. e4 c5 2. Bc4 Nc6 3. Nf3 d6 4. Nc3 Nf6 5. d3 e6 6. Bg5 Be7
7. O-O h6 8. Be3 Bd7 9. a3 O-O 10. h3 Rc8 11. Rb1 Qc7 12. d4
cxd4 13. Nxd4 Nxd4 14. Bxd4 Qxc4 15. Bxf6 Bxf6 16. Qxd6 Bc6
17. Qd3 Qxd3 18. cxd3 Bxc3 19. bxc3 b6 20. f4 f6 21. g3 Kf7
22. c4 Rfd8 23. Rb3 Rd4 24. Kf2 Rcd8 25. Ke3 Ke7 26. Rc3 a6
27. Rd1 Rxe4+ 28. dxe4 Rxd1 29. Rd3 Rxd3+ 30. Kxd3 Kd6 31. Kd4
e5+ 32. fxe5+ fxe5+ 33. Kd3 Kc5 34. h4 g6 35. g4 g5 0-1

[Event "FIDE Online Olympiad"]
[Site "Chess.com"]
[Date "2020.07.31"]
[EventDate "2020.07.31"]
[Round "1"]
[Result "0-1"]
[White "Naleli Mcpherson"]
[Black "Susan Namangale"]
[WhiteElo "1303"]
[BlackElo "1343"]
[PlyCount "122"]

1. e4 e5 2. Nf3 Nc6 3. Bb5 a6 4. Bxc6 dxc6 5. Nc3 Bd6 6. d3 h6
7. Be3 Nf6 8. O-O O-O 9. Qd2 g5 10. Ne2 Bg4 11. Ne1 Nh7
12. Ng3 Be6 13. Qe2 f5 14. exf5 Bxf5 15. Nxf5 Rxf5 16. Qg4 Qd7
17. Qe4 Raf8 18. Nf3 Nf6 19. Qc4+ Kh7 20. h4 b5 21. Qc3 Nd5
22. Qd2 Nxe3 23. Qxe3 g4 24. Nd2 Qg7 25. Ne4 Be7 26. g3 Rf3
27. Qa7 Bd8 28. Qxa6 Qg6 29. Qa7 Qg7 30. Qc5 R8f7 31. Qxc6 b4
32. Qd5 R7f5 33. Qxd8 Rf8 34. Qd5 Kh8 35. Nc5 Re8 36. Qc6 Ref8
37. Ne6 R3f6 38. Qd5 Qf7 39. Nxc7 Qxc7 40. Rac1 Rd8 41. Qe4
Rd4 42. Qe3 Qf7 43. Qxe5 Rd5 44. Qb8+ Kg7 45. Qxb4 Rdf5
46. Qc3 Rf3 47. Rce1 Qa7 48. a3 Rxg3+ 49. Kh2 Rh3+ 50. Kg2
Qb7+ 51. f3 Rhxf3 52. Re7+ Qxe7 53. Rxf3 Qe2+ 54. Rf2 Qxf2+
55. Kh1 g3 56. Qc7+ Kg6 57. h5+ Kxh5 58. Qe5+ Rf5 59. Qe8+ Kg4
60. Qe4+ Kh3 61. Qe7 Qh2# 0-1

[Event "FIDE Online Olympiad"]
[Site "Chess.com"]
[Date "2020.07.31"]
[EventDate "2020.07.31"]
[Round "2"]
[Result "0-1"]
[White "Dongmo Loic Dylane Zebaze"]
[Black "Tokelo Klaas"]
[WhiteElo "1810"]
[BlackElo "1857"]
[PlyCount "76"]

1. d4 Nf6 2. Bf4 e6 3. e3 b6 4. Nf3 Bb7 5. c3 Be7 6. Nbd2 O-O
7. Bd3 d5 8. Ne5 c5 9. h4 Nbd7 10. Ndf3 Rc8 11. a3 Nxe5
12. dxe5 Ne4 13. Bxe4 dxe4 14. Ng5 Qxd1+ 15. Rxd1 Rcd8 16. h5
h6 17. Nh3 Ba6 18. f3 exf3 19. gxf3 Bh4+ 20. Nf2 Rxd1+
21. Kxd1 Bxf2 22. Rh2 Rd8+ 23. Kc2 Be1 24. Rh1 Rd2+ 25. Kc1
Re2 26. Kd1 Bf2 27. Rh2 Bxe3 28. Rxe2 Bxe2+ 29. Kxe2 Bxf4
30. Kd3 Bxe5 31. Kc4 a6 32. a4 Bd6 33. b4 cxb4 34. cxb4 Kf8
35. b5 a5 36. Kd4 Ke7 37. Ke4 g6 38. hxg6 fxg6 0-1

[Event "FIDE Online Olympiad"]
[Site "Chess.com"]
[Date "2020.07.31"]
[EventDate "2020.07.31"]
[Round "2"]
[Result "0-1"]
[White "Tankeu Stephanie Tchouateu"]
[Black "Maboloko Leboela"]
[WhiteElo "1280"]
[BlackElo "1296"]
[PlyCount "48"]

1. d4 Nf6 2. e3 d6 3. Nf3 g6 4. Be2 Bg7 5. O-O O-O 6. c4 Nc6
7. Nbd2 Bd7 8. b3 Re8 9. Bb2 e5 10. d5 Ne7 11. Qc2 Rc8 12. e4
c6 13. Ng5 cxd5 14. exd5 Nexd5 15. Nge4 Nxe4 16. Qxe4 Nf6
17. Qxb7 Qa5 18. Rfd1 Bc6 19. b4 Qa4 20. Qxc8 Rxc8 21. b5 Bb7
22. Nb3 Nd7 23. Rxd6 Nc5 24. Rd7 Nxd7 0-1

[Event "FIDE Online Olympiad"]
[Site "Chess.com"]
[Date "2020.07.31"]
[EventDate "2020.07.31"]
[Round "2"]
[Result "0-1"]
[White "Petros Mfune"]
[Black "Oluwafemi Balogun"]
[WhiteElo "2025"]
[BlackElo "2200"]
[PlyCount "76"]

1. e4 d6 2. d4 Nf6 3. Nc3 g6 4. Nf3 Bg7 5. Be2 O-O 6. O-O c6
7. a4 Qc7 8. a5 Nbd7 9. a6 b5 10. d5 b4 11. dxc6 bxc3 12. cxd7
Bxd7 13. e5 dxe5 14. bxc3 Rfd8 15. Qe1 Bf5 16. Ra2 Rac8 17. c4
e4 18. Nd2 Qd6 19. Nb3 Be6 20. Be3 Bxc4 21. Bxc4 Rxc4 22. Qe2
Rc7 23. Nd4 Nd5 24. Nb5 Nc3 25. Nxc3 Bxc3 26. Bxa7 Rxa7
27. Qxe4 Rxa6 28. Rxa6 Qxa6 29. Qxe7 Qf6 30. Qe4 Rd2 31. g3
Kg7 32. Kg2 Bd4 33. h4 Rxf2+ 34. Rxf2 Qxf2+ 35. Kh3 Qf1+
36. Kh2 Bg1+ 37. Kh1 Bf2+ 38. Kh2 Qg1+ 0-1

[Event "FIDE Online Olympiad"]
[Site "Chess.com"]
[Date "2020.07.31"]
[EventDate "2020.07.31"]
[Round "2"]
[Result "0-1"]
[White "Susan Namangale"]
[Black "Peace Samson"]
[WhiteElo "1343"]
[BlackElo "1828"]
[PlyCount "102"]

1. d4 Nf6 2. Nf3 g6 3. g3 Bg7 4. Bg2 c5 5. O-O cxd4 6. Nxd4
O-O 7. Nc3 Nc6 8. Nxc6 dxc6 9. Qxd8 Rxd8 10. Bg5 Bf5 11. e4
Be6 12. b3 h6 13. Be3 Ng4 14. Bc1 Bxc3 15. Rb1 Bg7 16. h3 Nf6
17. f4 Rd4 18. Bb2 Rd2 19. e5 Nh5 20. Kh2 Bh8 21. g4 Ng7
22. f5 Bd5 23. Rg1 Rxc2 24. fxg6 fxg6 25. Kh1 Bxg2+ 26. Rxg2
Rxg2 27. Kxg2 Rd8 28. Bc3 Ne6 29. Rf1 Rd3 30. Bb4 Bxe5 31. Rf3
Nf4+ 32. Kf2 Nxh3+ 33. Ke2 Rd4 34. Rxh3 Rxb4 35. Rxh6 Rxg4
36. Rh5 Bd6 37. Rh3 Rg2+ 38. Kd3 Rg3+ 39. Rxg3 Bxg3 40. Ke3
Kg7 41. Kf3 Bd6 42. Kg4 Kh6 43. Kh4 e5 44. Kg4 e4 45. Kh3 e3
46. Kg2 g5 47. Kf1 g4 48. Ke2 Bf4 49. a4 Kg5 50. b4 Kh4 51. a5
Kh3 0-1

[Event "FIDE Online Olympiad"]
[Site "Chess.com"]
[Date "2020.07.31"]
[EventDate "2020.07.31"]
[Round "2"]
[Result "0-1"]
[White "Salim Al Amri Salim Mohammed"]
[Black "Sidi Boidiya"]
[WhiteElo "2032"]
[BlackElo "2065"]
[PlyCount "88"]

1. e4 e5 2. Nf3 d6 3. d4 Nf6 4. Nc3 Nbd7 5. Bc4 Be7 6. a4 O-O
7. Ke2 exd4 8. Nxd4 Nc5 9. f3 a5 10. Kf2 c6 11. Re1 d5
12. exd5 cxd5 13. Bb5 Ne6 14. Nce2 Qc7 15. Kg1 Bd6 16. g3 Bd7
17. Kg2 Rfe8 18. Bd3 h6 19. Nb5 Bxb5 20. Bxb5 Re7 21. Nd4 Nxd4
22. Rxe7 Qxc2+ 23. Qxc2 Nxc2 24. Rxb7 Nxa1 25. Rb6 Bb4
26. Bxh6 gxh6 27. Rxf6 Kg7 28. Rf4 Nb3 29. Rg4+ Kf8 30. Rh4
Rd8 31. Rxh6 Kg7 32. Rc6 d4 33. Bd3 Nc5 34. Be2 Nxa4 35. h4 d3
36. Bd1 Nxb2 37. Bb3 Rd7 38. h5 f6 39. Rc8 d2 40. Rg8+ Kh7
41. Rg6 Bc3 42. Bc2 d1=Q 43. Bxd1 Nxd1 44. Kh3 Rg7 0-1

[Event "FIDE Online Olympiad"]
[Site "Chess.com"]
[Date "2020.07.31"]
[EventDate "2020.07.31"]
[Round "2"]
[Result "0-1"]
[White "Hamood Al Busaidi"]
[Black "Taleb Mohamed Mohamed Abderrahim"]
[WhiteElo "1371"]
[BlackElo "1811"]
[PlyCount "166"]

1. e4 c5 2. Nf3 Nc6 3. g3 g6 4. Bg2 Bg7 5. O-O d6 6. Re1 Bg4
7. c3 Nf6 8. h3 Bxf3 9. Qxf3 O-O 10. Qd1 Nd7 11. d3 Qc7
12. Nd2 a6 13. Nf3 Nde5 14. Bf4 Nxf3+ 15. Qxf3 b5 16. Rad1
Rac8 17. Qe3 b4 18. d4 bxc3 19. bxc3 cxd4 20. cxd4 Nb4 21. Rc1
Qb6 22. Rxc8 Rxc8 23. Rd1 Nc2 24. Qc1 Bxd4 25. Rd2 Qc5 26. Bg5
f6 27. Bh6 Nb4 28. Qxc5 dxc5 29. a3 Nc6 30. Bf1 a5 31. Bc4+
Kh8 32. Kg2 Ne5 33. Be6 Rc6 34. Bd5 Rb6 35. f4 Nd7 36. f5 g5
37. h4 gxh4 38. gxh4 Rb2 39. Rxb2 Bxb2 40. Bd2 a4 41. Bc6 Nb6
42. Ba5 Nc4 43. Bd8 Bxa3 44. Bxa4 Nb2 45. Bc2 c4 46. Kf3 Kg7
47. Bb6 Bb4 48. Bd4 c3 49. Ke3 Kh6 50. e5 fxe5 51. Bxe5 Nc4+
52. Kd4 Nxe5 53. Kxe5 Kh5 54. Kd4 Kxh4 55. Kc4 Ba5 56. Kb5 Bc7
57. Kc6 Be5 58. Kd5 Bf6 59. Ke4 Kg3 60. Kd3 h5 61. Ba4 h4
62. Bc6 h3 63. Ke2 h2 64. Bh1 c2 65. Kd2 Kf2 66. Kxc2 Kg1
67. Bd5 h1=Q 68. Bxh1 Kxh1 69. Kd3 Kg2 70. Ke2 Kg3 71. Ke3
Bg5+ 72. Ke4 Kg4 73. Ke5 Bf6+ 74. Ke4 Kg5 75. Ke3 Kxf5 76. Kf3
e5 77. Ke3 Bg5+ 78. Ke2 Ke4 79. Ke1 Kd3 80. Kf1 e4 81. Ke1 e3
82. Kd1 e2+ 83. Ke1 Bh4# 0-1

[Event "FIDE Online Olympiad"]
[Site "Chess.com"]
[Date "2020.07.31"]
[EventDate "2020.07.31"]
[Round "2"]
[Result "0-1"]
[White "Elizabeth Emile Nagib Tanyous"]
[Black "Elena Nekrasova"]
[WhiteElo "1472"]
[BlackElo "1920"]
[PlyCount "66"]

1. c4 c5 2. Nc3 Nc6 3. g3 g6 4. Bg2 Bg7 5. e4 e6 6. d3 d6
7. Nge2 Nge7 8. a3 O-O 9. O-O Nd4 10. Be3 Rb8 11. Rb1 b6
12. Bf4 e5 13. Bg5 h6 14. Bd2 f5 15. f4 Be6 16. Nxd4 cxd4
17. Nd5 Qd7 18. Qc1 Kh7 19. Rf3 fxe4 20. dxe4 Rbc8 21. f5 gxf5
22. Bh3 fxe4 23. Rxf8 Rxf8 24. Bxe6 Qxe6 25. Nxe7 Qxe7 26. Qc2
d3 27. Qa4 Qf7 28. Qd1 Qf2+ 29. Kh1 e3 30. Bxe3 Qxe3 31. b4 e4
32. Qg1 Qf3+ 33. Qg2 d2 0-1

[Event "FIDE Online Olympiad"]
[Site "Chess.com"]
[Date "2020.07.31"]
[EventDate "2020.07.31"]
[Round "2"]
[Result "0-1"]
[White "Abdalla Mansoor Abdalla"]
[Black "Samer Salman"]
[WhiteElo "1833"]
[BlackElo "1735"]
[PlyCount "70"]

1. e4 c5 2. Nc3 Nc6 3. f4 g6 4. Nf3 Bg7 5. Bb5 Nd4 6. O-O a6
7. Bc4 b5 8. Bd5 Rb8 9. e5 e6 10. Be4 d5 11. exd6 Qxd6
12. Nxd4 cxd4 13. Ne2 Nf6 14. d3 O-O 15. a4 Nxe4 16. dxe4 Bb7
17. axb5 axb5 18. e5 Qd5 19. Rf2 Rfd8 20. Qd3 Bf8 21. b3 Qe4
22. Qxe4 Bxe4 23. Ng3 Bc6 24. Ba3 Ra8 25. Bb2 Rxa1+ 26. Bxa1
Bc5 27. Rd2 Rd7 28. Kf1 b4 29. Ne2 Bb5 30. Ke1 d3 31. cxd3 Be3
32. Ra2 Rxd3 33. Ra8+ Kg7 34. Ng3 Rxb3 35. Kd1 Bd3 0-1

[Event "FIDE Online Olympiad"]
[Site "Chess.com"]
[Date "2020.07.31"]
[EventDate "2020.07.31"]
[Round "2"]
[Result "0-1"]
[White "Nour Assoum"]
[Black "Eyhab Rawan"]
[WhiteElo "1400"]
[BlackElo "1521"]
[PlyCount "78"]

1. e4 e5 2. d4 exd4 3. Bc4 Nc6 4. Nf3 Bc5 5. c3 dxc3 6. Nxc3
d6 7. Ng5 Ne5 8. Qd5 Qe7 9. f4 Nf6 10. Qd1 Nxc4 11. Qa4+ Bd7
12. Qxc4 h6 13. Nf3 Bc6 14. b4 Nxe4 15. Nxe4 Bxe4 16. Qe2
Bxb4+ 17. Bd2 Bxd2+ 18. Nxd2 Bxg2 19. Qxe7+ Kxe7 20. Rg1 Bh3
21. Rxg7 Rhe8 22. Kd1 h5 23. Rh7 Bg4+ 24. Kc1 Kf6 25. h3 Kg6
26. Rxf7 Kxf7 27. hxg4 Re1+ 28. Kc2 Rxa1 29. Kb2 Rg1 30. Ne4
hxg4 31. Ng5+ Kg6 32. Ne6 Kf5 33. Nxc7 Rc8 34. Nb5 Kxf4
35. Nxd6 Rc6 36. Nf7 g3 37. Nd8 Rb6+ 38. Kc2 Rf1 39. Nf7 g2
0-1

[Event "FIDE Online Olympiad"]
[Site "Chess.com"]
[Date "2020.07.31"]
[EventDate "2020.07.31"]
[Round "3"]
[Result "0-1"]
[White "Oyon Marius Claude Amba"]
[Black "Maroun Tomb"]
[WhiteElo "1966"]
[BlackElo "2177"]
[PlyCount "114"]

1. e4 d6 2. d4 Nf6 3. Bd3 e5 4. Ne2 Nc6 5. d5 Ne7 6. O-O Ng6
7. f4 exf4 8. Nxf4 Be7 9. Nc3 O-O 10. Nh5 Ne5 11. Nxf6+ Bxf6
12. Bf4 Bg4 13. Qe1 Bh5 14. h3 Bg6 15. Kh1 Qe7 16. Qg3 a6
17. Qh2 Rae8 18. Ne2 b5 19. Rab1 Nd7 20. b4 Bxe4 21. Ng3 Bxd3
22. cxd3 g6 23. Ne4 Be5 24. Rbc1 f5 25. Ng5 Qxg5 26. Bxg5 Bxh2
27. Kxh2 Rc8 28. Rc6 Nb6 29. Rfc1 Nxd5 30. Rxa6 Nxb4 31. Ra7
Rf7 32. d4 c5 33. Ra5 Rb7 34. dxc5 dxc5 35. a4 bxa4 36. Rcxc5
Rxc5 37. Rxc5 Ra7 38. Be3 Ra8 39. Rb5 Nc2 40. Bc1 a3 41. Rc5
a2 42. Bb2 a1=Q 43. Bxa1 Nxa1 44. h4 Ra7 45. h5 Kg7 46. Rc6
Nb3 47. hxg6 hxg6 48. g4 fxg4 49. Kg3 Ra4 50. Rc7+ Kh6 51. Rc8
Re4 52. Rb8 Nd4 53. Rc8 Nf5+ 54. Kg2 Kg5 55. Rc5 Re2+ 56. Kf1
Ra2 57. Rc4 Ne3+ 0-1

[Event "FIDE Online Olympiad"]
[Site "Chess.com"]
[Date "2020.07.31"]
[EventDate "2020.07.31"]
[Round "3"]
[Result "0-1"]
[White "Ansi Amin Al"]
[Black "Aydagnuhem Gezachew Abera"]
[WhiteElo "1887"]
[BlackElo "2074"]
[PlyCount "40"]

1. e4 e5 2. Nf3 Nc6 3. Bb5 Nf6 4. O-O d6 5. Re1 Be7 6. d4 exd4
7. e5 dxe5 8. Nxe5 Bd7 9. Nxd7 Qxd7 10. Qe2 O-O 11. Bxc6 Qxc6
12. Bg5 Rfe8 13. Nd2 Nd5 14. Bxe7 Rxe7 15. Qf3 Rae8 16. Rxe7
Rxe7 17. Nb3 Nb4 18. Qg4 Nxc2 19. Nxd4 Nxa1 20. Qc8+ Qe8 0-1

[Event "FIDE Online Olympiad"]
[Site "Chess.com"]
[Date "2020.07.31"]
[EventDate "2020.07.31"]
[Round "3"]
[Result "0-1"]
[White "Simelane Wandile"]
[Black "Petros Mfune"]
[WhiteElo "1560"]
[BlackElo "2025"]
[PlyCount "70"]

1. e4 d5 2. exd5 Nf6 3. Bb5+ Nbd7 4. Nf3 Nxd5 5. O-O c6 6. Bc4
N7b6 7. Bb3 Bg4 8. h3 Bh5 9. d4 e6 10. c4 Nf6 11. Be3 Be7
12. Nc3 O-O 13. Re1 a5 14. c5 Nbd5 15. Nxd5 exd5 16. Qe2 Re8
17. Bc2 Ne4 18. g4 Bg6 19. Ne5 f5 20. Nxg6 hxg6 21. Bxe4 dxe4
22. Rad1 Qd5 23. b3 a4 24. Qc4 axb3 25. axb3 Ra3 26. Qxd5+
cxd5 27. Rb1 Bd8 28. b4 Bc7 29. gxf5 gxf5 30. Bc1 Rxh3 31. Kg2
Rh2+ 32. Kf1 f4 33. b5 f3 34. Kg1 Rg2+ 35. Kh1 Kf7 0-1

[Event "FIDE Online Olympiad"]
[Site "Chess.com"]
[Date "2020.07.31"]
[EventDate "2020.07.31"]
[Round "3"]
[Result "0-1"]
[White "Tokelo Klaas"]
[Black "Bunmi Olape"]
[WhiteElo "1857"]
[BlackElo "2251"]
[PlyCount "92"]

1. d4 d5 2. Nc3 c6 3. e4 dxe4 4. Nxe4 e6 5. Nf3 Nd7 6. Be2
Ngf6 7. Ng3 Bd6 8. O-O O-O 9. c3 Qc7 10. Bg5 h6 11. Bxf6 Nxf6
12. Qd2 c5 13. Rad1 b6 14. dxc5 Bxc5 15. b4 Be7 16. a3 Bb7
17. c4 a5 18. Qb2 axb4 19. axb4 Ra4 20. b5 Rfa8 21. Ra1 Bc5
22. Rxa4 Rxa4 23. Qc2 Ra3 24. Nd2 Qf4 25. Nb3 Bd6 26. Qb2 Ra4
27. Qd4 Qxd4 28. Nxd4 Ra2 29. Re1 Bc5 30. Nb3 Bb4 31. Rd1 Rb2
32. Nd4 Bc5 33. Kf1 h5 34. Nxh5 Nxh5 35. Bxh5 e5 36. Ne2 g6
37. Bg4 f5 38. Bh3 Be4 39. g3 Bf3 40. Rd8+ Kg7 41. Rd7+ Kf6
42. Nc3 Rxf2+ 43. Ke1 Rxh2 44. Bf1 Bb4 45. Rd3 e4 46. Re3 Ke5
0-1

[Event "FIDE Online Olympiad"]
[Site "Chess.com"]
[Date "2020.07.31"]
[EventDate "2020.07.31"]
[Round "3"]
[Result "0-1"]
[White "Maboloko Leboela"]
[Black "Toritsemuwa Ofowino"]
[WhiteElo "1296"]
[BlackElo "1959"]
[PlyCount "96"]

1. e4 d6 2. Nf3 Nf6 3. Nc3 c6 4. d4 Bg4 5. h3 Bh5 6. Bd3 e6
7. Bg5 Be7 8. g4 Bg6 9. Qe2 h6 10. Bh4 a5 11. e5 Bxd3 12. Qxd3
Nd5 13. Nxd5 exd5 14. Bxe7 Qxe7 15. O-O-O O-O 16. exd6 Qxd6
17. g5 Qf4+ 18. Kb1 Nd7 19. gxh6 Qxh6 20. Rdg1 Nf6 21. Rg3 Ne4
22. Rg2 Rfe8 23. b3 a4 24. Qe3 Qxe3 25. fxe3 axb3 26. cxb3 Nd6
27. h4 Rxe3 28. Ne5 Nf5 29. Rf2 Nh6 30. Rhf1 f6 31. Nd7 Re4
32. Rg1 Kf7 33. Ne5+ Ke6 34. Nd3 Rxd4 35. Nc5+ Kf7 36. Nxb7
Rxh4 37. Nc5 Rg4 38. Re1 Kg6 39. Re6 Rc8 40. Nd7 Kf7 41. Rfe2
Nf5 42. Nc5 Rc7 43. a4 Nd4 44. Na6 Nxe6 45. Rxe6 Kxe6
46. Nxc7+ Kd7 47. Na6 Kd6 48. Nb4 Rxb4 0-1

[Event "FIDE Online Olympiad"]
[Site "Chess.com"]
[Date "2020.07.31"]
[EventDate "2020.07.31"]
[Round "1"]
[Result "0-1"]
[White "Philip Selikem Yao Amoako"]
[Black "Imaan Kalidjo"]
[WhiteElo "1265"]
[BlackElo "1692"]
[PlyCount "112"]

1. e4 c5 2. Nf3 d6 3. d4 cxd4 4. Nxd4 Nf6 5. Nc3 a6 6. Bc4 e6
7. Bb3 Be7 8. Be3 Nc6 9. f3 Qc7 10. O-O b5 11. a3 Nxd4
12. Bxd4 Bb7 13. Qd2 O-O 14. Rad1 Rad8 15. Qf2 Nd7 16. Ne2 Nc5
17. Ba2 e5 18. Bxc5 dxc5 19. Nc3 c4 20. Kh1 Bc5 21. Qe2 Bd4
22. Qe1 Kh8 23. Rb1 Rd6 24. Ne2 Bc5 25. Rd1 Rfd8 26. Rxd6 Qxd6
27. Qc1 Qd2 28. Ng3 g6 29. b3 Qxc1 30. Rxc1 Bxa3 31. Re1 cxb3
32. Bxb3 Bb4 33. Rf1 Kg7 34. h3 a5 35. Kh2 a4 36. Ba2 Bc3
37. Ne2 Ba5 38. Ng3 Ba6 39. Rc1 b4 40. Rb1 Rd2 41. Rc1 Bb6
42. Bd5 Be3 43. Rb1 Bc5 44. Rc1 Bd4 45. Rb1 Bc3 46. Rc1 Be2
47. Nxe2 Rxe2 48. Bc4 Bd2 49. Ra1 Bf4+ 50. Kh1 Rxc2 51. Bd3
Rc3 52. Bb5 a3 53. Ba4 b3 54. Rb1 b2 55. Bd1 a2 56. Rxb2 a1=Q
0-1

[Event "FIDE Online Olympiad"]
[Site "Chess.com"]
[Date "2020.07.31"]
[EventDate "2020.07.31"]
[Round "1"]
[Result "0-1"]
[White "Taqesyah Marcos"]
[Black "Ciara Bernadette Richiez Guillen"]
[WhiteElo "1493"]
[BlackElo "1417"]
[PlyCount "102"]

1. e3 d5 2. b3 e5 3. Bb2 Nc6 4. Bb5 Nf6 5. Bxe5 Bd6 6. Bxc6+
bxc6 7. Bb2 O-O 8. Nf3 Bg4 9. d3 c5 10. c4 c6 11. O-O Qc7
12. g3 Be7 13. Nbd2 Rad8 14. Qc2 Bxf3 15. Nxf3 Rfe8 16. Rad1
h6 17. Nh4 Qd7 18. Kg2 Ng4 19. Nf3 h5 20. h3 Nh6 21. Qe2 Qf5
22. e4 dxe4 23. dxe4 Qe6 24. Rfe1 Rxd1 25. Qxd1 g5 26. Qd2 g4
27. hxg4 hxg4 28. Ng5 Qg6 29. Qd7 Kf8 30. Bc1 Bxg5 31. Bxg5
Qxg5 32. Qd6+ Kg7 33. Qxc6 Rh8 34. Qxc5 Qxc5 35. Kf1 Ng8
36. Ke2 Rh2 37. Rf1 Qe5 38. Ke3 Nf6 39. f3 Qc3+ 40. Kf4 Rh5
41. fxg4 Qe5+ 42. Kf3 Rg5 43. Kg2 Rxg4 44. Rf3 Qxe4 45. Kf2
Qc2+ 46. Kf1 Ne4 47. Kg1 Rxg3+ 48. Rxg3+ Nxg3 49. c5 Ne4
50. b4 Qf2+ 51. Kh1 Ng3# 0-1

[Event "FIDE Online Olympiad"]
[Site "Chess.com"]
[Date "2020.07.31"]
[EventDate "2020.07.31"]
[Round "1"]
[Result "0-1"]
[White "Mouhamadou Mourtada Fall"]
[Black "David Silva"]
[WhiteElo "1576"]
[BlackElo "2321"]
[PlyCount "68"]

1. c4 Nf6 2. g3 g6 3. Bg2 Bg7 4. Nc3 O-O 5. e3 d6 6. Nge2 c6
7. O-O e5 8. d4 Re8 9. b3 e4 10. f3 exf3 11. Bxf3 Bf5 12. Bg2
Nbd7 13. Nf4 Ne4 14. Nxe4 Bxe4 15. Bxe4 Rxe4 16. Qd3 Qe7
17. Ng2 Re8 18. Bb2 f5 19. Rae1 Nf6 20. h3 Nh5 21. Rf3 Qg5
22. Kh2 Qh6 23. Nf4 Nf6 24. Kg2 g5 25. Ne2 g4 26. Rxf5 Qxh3+
27. Kg1 Rxe3 28. Qd2 Rxg3+ 29. Nxg3 Qxg3+ 30. Kf1 Rxe1+
31. Qxe1 Qd3+ 32. Kg1 Qxf5 33. Qe3 Ne4 34. Bc1 Bh6 0-1

[Event "FIDE Online Olympiad"]
[Site "Chess.com"]
[Date "2020.07.31"]
[EventDate "2020.07.31"]
[Round "1"]
[Result "0-1"]
[White "Lubov Bobrova"]
[Black "Ednasia Junior"]
[WhiteElo "1403"]
[BlackElo "1768"]
[PlyCount "102"]

1. d4 Nf6 2. c4 e5 3. dxe5 Ng4 4. Nf3 Nc6 5. e3 Ngxe5 6. Nxe5
Nxe5 7. Be2 Bb4+ 8. Bd2 Bxd2+ 9. Nxd2 O-O 10. O-O d6 11. b3
Qe7 12. Nf3 Bf5 13. Rc1 Rad8 14. Qd4 a6 15. Rfd1 Rfe8 16. Qc3
Bg4 17. Nd4 c5 18. Bxg4 cxd4 19. Rxd4 Qg5 20. Be2 Qe7 21. Rcd1
f5 22. Qd2 Nf7 23. Qd3 g6 24. Bf3 Ne5 25. Bd5+ Kg7 26. Qc3 Qf6
27. Bxb7 Re7 28. Bxa6 Ra7 29. Bb5 Rxa2 30. Ba4 Ra8 31. Rxd6
Nf3+ 32. gxf3 Qxc3 33. Rd7+ Kh6 34. R7d3 Qc2 35. R1d2 Ra1+
36. Kg2 Qc1 37. Rd1 Qxd1 38. Rxd1 Rxd1 39. Kg3 Rxa4 40. bxa4
Ra1 41. h4 Rxa4 42. e4 Rxc4 43. Kf4 fxe4 44. fxe4 Kh5 45. f3
Kxh4 46. Ke5 g5 47. Kd5 Rc1 48. Ke5 Rf1 49. Kd6 Rxf3 50. e5
Re3 51. e6 g4 0-1

[Event "FIDE Online Olympiad"]
[Site "Chess.com"]
[Date "2020.07.31"]
[EventDate "2020.07.31"]
[Round "1"]
[Result "0-1"]
[White "Mikhail Strovsky"]
[Black "Baha Miswadah"]
[WhiteElo "1939"]
[BlackElo "1964"]
[PlyCount "70"]

1. e4 c5 2. Nf3 g6 3. c3 Bg7 4. d3 Nc6 5. g3 Nf6 6. Bg2 O-O
7. O-O d6 8. Re1 e5 9. d4 Qc7 10. dxe5 dxe5 11. Na3 a6 12. Qe2
b5 13. Bg5 Bg4 14. Rad1 Rad8 15. h3 Be6 16. b3 Qa5 17. Qb2
Rxd1 18. Rxd1 Nxe4 19. Nxe5 Nxe5 20. Bxe4 b4 21. cxb4 cxb4
22. Qc2 bxa3 23. f4 Rc8 24. Qxc8+ Bxc8 25. Rd8+ Qxd8 26. Bxd8
Nd7 27. Bc7 Nc5 28. Bd5 Bxh3 29. Kf2 Bd4+ 30. Kf3 h5 31. b4
Bg4+ 32. Kg2 Nd3 33. Bc4 Nxb4 34. Bd6 a5 35. Bc7 Be6 0-1

[Event "FIDE Online Olympiad"]
[Site "Chess.com"]
[Date "2020.07.31"]
[EventDate "2020.07.31"]
[Round "1"]
[Result "0-1"]
[White "Kossi Thierry Egbe"]
[Black "Mohamad Seder"]
[WhiteElo "1532"]
[BlackElo "1699"]
[PlyCount "54"]

1. e4 c5 2. Nf3 Nc6 3. Bb5 g6 4. Nc3 Bg7 5. Bxc6 dxc6 6. d3
Nf6 7. Bg5 O-O 8. O-O b6 9. Bxf6 exf6 10. Re1 Re8 11. Qd2 Qc7
12. Rad1 Bg4 13. Re3 Bh6 14. Rde1 Bxf3 15. gxf3 Rad8 16. Qd1
Bxe3 17. fxe3 Qd7 18. Re2 f5 19. exf5 Qxf5 20. f4 Qg4+ 21. Rg2
Qxd1+ 22. Nxd1 f5 23. Nf2 Rxe3 24. Nd1 Re1+ 25. Kf2 Rxd1
26. Ke2 Rb1 27. b3 Rb2 0-1

[Event "FIDE Online Olympiad"]
[Site "Chess.com"]
[Date "2020.07.31"]
[EventDate "2020.07.31"]
[Round "2"]
[Result "0-1"]
[White "Jude Mirvens Guillaume"]
[Black "Baha Miswadah"]
[WhiteElo "2022"]
[BlackElo "1964"]
[PlyCount "162"]

1. d4 Nf6 2. c4 e6 3. Nc3 d5 4. Bf4 c5 5. e3 Nc6 6. Nf3 a6
7. h3 dxc4 8. Bxc4 b5 9. Be2 cxd4 10. Nxd4 Nxd4 11. Qxd4 Qxd4
12. exd4 Bb7 13. O-O Bb4 14. Be5 Rc8 15. Rac1 O-O 16. Bxf6
gxf6 17. a3 Bxc3 18. Rxc3 Rxc3 19. bxc3 Rc8 20. Rc1 Bd5 21. f3
f5 22. Kf2 Kg7 23. Ke3 Kf6 24. g3 Ke7 25. f4 Bg2 26. h4 Bd5
27. Bf3 Kd6 28. Be2 Bc4 29. Bf3 Bd5 30. Bd1 a5 31. Kd2 Rg8
32. a4 bxa4 33. c4 Bc6 34. Rc3 Rb8 35. c5+ Kd7 36. Ra3 Rb2+
37. Kc3 Rg2 38. Kc4 Rb2 39. Kc3 Rb4 40. Bh5 f6 41. Bf7 Bb5
42. Bg8 Rc4+ 43. Kb2 h6 44. d5 exd5 45. Bxd5 Rxc5 46. Bg2 Rc4
47. Bh3 Rb4+ 48. Kc2 Rc4+ 49. Kb2 Rc5 50. Ra1 Bc6 51. Rd1+ Kc7
52. Rd3 Rb5+ 53. Ka3 Kb6 54. Rc3 Be4 55. Bf1 Rb3+ 56. Rxb3+
axb3 57. Kxb3 Kc5 58. Be2 Bc6 59. g4 fxg4 60. Bxg4 Kd4 61. Be6
Ke3 62. f5 Kf4 63. Kc3 Kg4 64. Kd4 Kxh4 65. Ke3 Kg3 66. Bf7
Bf3 67. Kd4 h5 68. Kc5 h4 69. Kd6 h3 70. Ke6 h2 71. Kxf6 h1=Q
72. Ke7 a4 73. f6 a3 74. Be6 Qh4 75. Kf7 Bh5+ 76. Kg7 Qg5+
77. Kh7 Qg6+ 78. Kh8 Qxf6+ 79. Kh7 Bg6+ 80. Kh6 Bf5+ 81. Kh5
Qg6# 0-1